| 000 | 00656cam a22002172a 4500 | ||
|---|---|---|---|
| 001 | 023383 | ||
| 003 | AR-FADEU | ||
| 008 | 311216n1992####xxu####################dd | ||
| 020 | _a950-25-2080-7 | ||
| 092 |
_a306.4 _bF491 _eBDT |
||
| 100 | _aFinquelievich, Susana | ||
| 245 | _aNuevas tenologías en la ciudad información y comunición en la cotidianeidad | ||
| 260 | _aBuenos Aires | ||
| 260 | _bCentro Editor de América Latina | ||
| 260 | _c1992 | ||
| 300 | _a140 p | ||
| 440 |
_aLos fundamentos de las ciencias del hombre _n56 |
||
| 500 | _aIncluye bibliografía | ||
| 650 | _aTECNOLOGIA Y SOCIEDAD; CAMBIO TECNOLOGICO/BDT/ | ||
| 942 | _cBDT | ||
| 999 |
_c29073 _d29073 |
||